000 00896pam a2200265 i 4500
999 _c128395
_d128395
001 3717207
003 ARRUPE
005 20181016112427.0
008 800723s1981 ilu b 001 0 eng
010 _a 80020140
020 _a0819908134 :
_c$10.00
040 _aDLC
_cDLC
_dDLC
050 0 0 _aBT202
_b.G287
082 0 0 _a232
_219
100 1 _aGalot, Jean.
_942962
245 1 0 _aWho is Christ? :
_bA theology of the incarnation /
_cby Jean Galot.
260 _aRome :
_bGregorian University Press,
_cc1980.
300 _axv, 408 p. ;
_c23 cm.
500 _aTranslated from the author's unpublished French ms.
504 _aIncludes bibliographical references and index.
600 0 0 _aJesus Christ
_xPerson and offices.
_942963
600 0 0 _aJesus Christ
_xHistory of doctrines.
_97447
650 0 _aIncarnation.
_91309
906 _a7
_bcbc
_corignew
_d1
_eocip
_f19
_gy-gencatlg
942 _2lcc
_cMONOGRAPH